<?xml version="1.0" encoding="UTF-8"?><?xml-stylesheet type="text/xsl" href="static/style.xsl"?><OAI-PMH xmlns="http://www.openarchives.org/OAI/2.0/" xmlns:xsi="http://www.w3.org/2001/XMLSchema-instance" xsi:schemaLocation="http://www.openarchives.org/OAI/2.0/ http://www.openarchives.org/OAI/2.0/OAI-PMH.xsd"><responseDate>2026-04-13T01:28:00Z</responseDate><request verb="GetRecord" identifier="oai:www.recercat.cat:2445/186218" metadataPrefix="marc">https://recercat.cat/oai/request</request><GetRecord><record><header><identifier>oai:recercat.cat:2445/186218</identifier><datestamp>2025-12-05T05:35:18Z</datestamp><setSpec>com_2072_1057</setSpec><setSpec>col_2072_478857</setSpec><setSpec>col_2072_478901</setSpec><setSpec>col_2072_478917</setSpec></header><metadata><record xmlns="http://www.loc.gov/MARC21/slim" xmlns:dcterms="http://purl.org/dc/terms/" xmlns:xsi="http://www.w3.org/2001/XMLSchema-instance" xmlns:doc="http://www.lyncode.com/xoai" xsi:schemaLocation="http://www.loc.gov/MARC21/slim http://www.loc.gov/standards/marcxml/schema/MARC21slim.xsd">
   <leader>00925njm 22002777a 4500</leader>
   <datafield ind2=" " ind1=" " tag="042">
      <subfield code="a">dc</subfield>
   </datafield>
   <datafield ind2=" " ind1=" " tag="720">
      <subfield code="a">Ripoll, Gisela</subfield>
      <subfield code="e">author</subfield>
   </datafield>
   <datafield ind2=" " ind1=" " tag="260">
      <subfield code="c">2022-06-01T16:38:48Z</subfield>
   </datafield>
   <datafield ind2=" " ind1=" " tag="260">
      <subfield code="c">2022-06-01T16:38:48Z</subfield>
   </datafield>
   <datafield ind2=" " ind1=" " tag="260">
      <subfield code="c">2020</subfield>
   </datafield>
   <datafield ind2=" " ind1=" " tag="260">
      <subfield code="c">2022-06-01T16:38:48Z</subfield>
   </datafield>
   <datafield ind2=" " ind1=" " tag="520">
      <subfield code="a">Framing Power in Visigothic Society ha sido publicado muy recientemente en la serie Late Antique and Early Medieval Iberia, de la Amsterdam University Press, serie que, con este y los otros títulos editados, empieza a consolidarse como un instrumento útil para la docencia y la investigación, pero también para el público curioso por conocer las novedades científicas de la península ibérica en la Antigüedad tardía y la Edad Media. El libro no se anda con rodeos y se abre con un texto  a modo de introducción  que lleva por título Texts, Discourses, and Devices: Reading Visigothic Society Today (9-22) donde las autoras y editoras de la obra, Eleonora Dell'Elicine y Céline Martin, hacen una argumentada presentación sobre los objetivos que se persiguen con esta edición sobre las técnicas, prácticas y artefactos del ejercicio y la gestualización de las formas de poder.</subfield>
   </datafield>
   <datafield tag="653" ind2=" " ind1=" ">
      <subfield code="a">Ressenyes (Documents)</subfield>
   </datafield>
   <datafield tag="653" ind2=" " ind1=" ">
      <subfield code="a">Reviews (Documents)</subfield>
   </datafield>
   <datafield tag="653" ind2=" " ind1=" ">
      <subfield code="a">Dell’Elicine, Eleonora y Martin, Céline (eds.), Framing Power in Visigothic Society. Discourses,&#xd;
Devices, and Artifacts, Late Antique and Early Medieval Iberia</subfield>
   </datafield>
   <datafield ind2="0" ind1="0" tag="245">
      <subfield code="a">DELL'ELICINE, Eleonora y MARTIN, Céline (eds.), Framing Power in Visigothic Society. Discourses, Devices, and Artifacts, Late Antique and Early Medieval Iberia, Amsterdam University Press, Ámsterdam, 2020, 223 p., 6 figs. y 19 láms. b/n, 5 tablas, DOI 10.5117/9789463725903_ CH03, ISBN 9789463725903</subfield>
   </datafield>
</record></metadata></record></GetRecord></OAI-PMH>